Sites des épreuves des JO de Paris 2024 - Statistiques

Statistiques générales
  • Ce quiz a été pris 192 fois
  • Le résultat moyen est 17 sur 55
Statistiques - réponses
Sport Discipline Réponse % Correct
Athlétisme Athlétisme Stade de France
89%
Rugby à sept Rugby à sept Stade de France
89%
Handball Handball Stade Pierre Mauroy (Villeneuve d'Ascq)
69%
Football Football Stade Vélodrome (Marseille)
68%
Voile Voile Marina Olympique du Roucas-Blanc
66%
Football Football Parc des Princes
58%
Equitation Equitation Château de Versailles
56%
Pentathlon moderne Course/Equitation/Nage/Tir Château de Versailles
56%
Basket-ball Basket-ball Palais omnisport de Paris-Bercy
56%
Volley-ball Beach-volley Champ-de-Mars
55%
Football Football Parc Olympique lyonnais (Lyon)
55%
Escrime Escrime Grand Palais
54%
Taekwondo Taekwondo Grand Palais
54%
Gymnastique Gymnastique artistique Palais omnisport de Paris-Bercy
54%
Gymnastique Trampoline Palais omnisport de Paris-Bercy
54%
Football Football Stade de la Beaujoire (Nantes)
51%
Football Football Stade de Bordeaux (Bordeaux)
48%
Boxe Boxe Stade Roland Garros
45%
Tennis Tennis Stade Roland Garros
45%
Surf Surf Teahupo'o (Tahiti)
44%
Basket-ball Basket-ball 3x3 Place de la Concorde
43%
Breakdance Breakdance Place de la Concorde
43%
Cyclisme BMX Freestyle Place de la Concorde
43%
Skateboard Skateboard Place de la Concorde
43%
Football Football Stade Riviera (Nice)
41%
Football Football Stade Geoffroy Guichard (Saint-Etienne)
39%
Tir à l'arc Tir à l'arc Esplanade des Invalides
38%
Golf Golf Golf national (Saint-Quentin-en-Yvelines)
35%
Sports aquatiques Natation Paris la Défense Arena
32%
Sports aquatiques Water-polo Paris la Défense Arena
32%
Aviron Aviron Base nautique de Vaires-sur-Marne
19%
Basket-ball Basket-ball Parc des expositions de la porte de Versailles
16%
Haltérophilie Haltérophilie Parc des expositions de la porte de Versailles
16%
Tennis de table Tennis de table Parc des expositions de la porte de Versailles
16%
Volley-ball Volley-ball Parc des expositions de la porte de Versailles
16%
Escalade Escalade Site d'escalade du Bourget
13%
Hockey sur gazon Hockey sur gazon Stade olympique Yves du Manoir
11%
Cyclisme VTT Colline d'Elancourt
10%
Judo Judo Grand palais éphémère (Champ-de-Mars)
9%
Lutte Lutte Grand palais éphémère (Champ-de-Mars)
9%
Cyclisme BMX Racing Vélodrome national
9%
Cyclisme Cyclisme sur piste Vélodrome national
9%
Pentathlon moderne Escrime Vélodrome national
9%
Athlétisme Marathon/Marche Pont d'Iéna
4%
Cyclisme Cyclisme sur route Pont d'Iéna
4%
Sports aquatiques Nage en eau libre Pont d'Iéna
4%
Triathlon Triathlon Pont d'Iéna
4%
Sports aquatiques Natation synchronisée Centre nautique de Saint-Denis
3%
Sports aquatiques Plongeon Centre nautique de Saint-Denis
3%
Sports aquatiques Water-polo Centre nautique de Saint-Denis
3%
Tir Tir Stand de tir de La Courneuve
3%
Badminton Badminton Arena Alice Miliat
0%
Gymnastique Gymnastique rythmique Arena Alice Miliat
0%
Canoë-Kayak Course en ligne Base nautique de Vaires-sur-Marne
0%
Canoë-Kayak Slalom Base nautique de Vaires-sur-Marne
0%
Aucun quiz correspondant
Distribution des résultats
% des personnes avec chaque résultat
Percentile par nombre de réponses
Votre historique - résultats
Vous n’avez pas pris ce quiz